| 000 | 00752cam a22002294a 4500 | ||
|---|---|---|---|
| 005 | 20250605164036.0 | ||
| 008 | 250528s ||||||||||||||||||||||||d | ||
| 035 | _a16807 | ||
| 020 | _a140512926 | ||
| 040 |
_aGR-AtMCL _bgre _dGR-AtMCL _eAACR2 |
||
| 245 | 1 | _aDictionary of Sociology / Third Edition | |
| 250 | _a3rd | ||
| 260 |
_bPenguin Books, _c1994 |
||
| 300 | _a516 | ||
| 520 | _aAn invaluable and comprehensive reference work designed to appeal to students from school to university level. Preface, How to Use this Dictionary, Dictionary of Sociology, Bibliography. | ||
| 700 | 1 |
_aAbercrombie Nicholas _92902 |
|
| 700 | 1 |
_aHill Stephen _92903 |
|
| 700 | 1 |
_aTurner Bryan S _92904 |
|
| 942 | _cBK | ||
| 999 |
_c2269 _d2269 |
||